00330nam a2200109Ia 4500008004000000082002000040100004300060245002800103260003600131300000800167650004500175210210b1987 xxu||||| |||| 00| 0 eng d a330.901722 ROSH aROSENBERG (Nathan) and BIRDZELL (L E). aHow the west grew rich. aBombaybPopular Prakashanc1987 a353 aEconomic Transformation Industrial World